000 00720nam a2200289Ia 4500
005 20260324112334.0
008 008 260324s9999 xx 000 0 eng d
020 _a9781032651408
037 _aEBOOK
040 _aCRL
040 _beng
040 _cCRL
041 _2eng
041 _aeng
084 _qCRL
100 _aBethany C. Crowley
_91142282
245 3 _aAn Integrative Approach to Treating Eating Disorders
245 0 _b9 Foundational Skills for a Lasting Recovery
260 _bTaylor and Francis
260 _c2024
365 _a
365 _b220
856 _uhttp://www.taylorfrancis.com/books/9781032651408
942 _cEBOOK
999 _c1731447
_d1731447